Steven Universe "I Dlatego Wygram" teks piosenki - Statystyki

Ogólne statystyki
  • Ten quiz został rozwiązany 12 razy
  • Średni wynik to 147 z 222
Statystyki odpowiedzi
Tekst % Poprawnych
Bo
100%
bo
100%
co
100%
I
100%
się
100%
w
100%
W
100%
ze
100%
że
100%
a
80%
A
80%
ci
80%
coś
80%
dalej
80%
dwie
80%
Dwóch
80%
Granat
80%
ja
80%
jak
80%
jedna
80%
jest
80%
Jestem
80%
jestem
80%
klejnotów
80%
kto
80%
ktoś
80%
ma
80%
mi
80%
Miłość
80%
mną
80%
mnie
80%
Mnie
80%
moja
80%
muzyka
80%
my
80%
na
80%
nas
80%
nasz
80%
naszej
80%
nie
80%
No
80%
płynie
80%
pokonać
80%
połączona
80%
przyda
80%
rzuć
80%
spotyka
80%
szans
80%
ta
80%
tak
80%
taki
80%
takie
80%
to
80%
tu
80%
ty
80%
Ty
80%
walka
80%
we
80%
Weź
80%
Więc
80%
Wojowniczka
80%
zabawka
80%
żadnych
80%
zmierzmy
80%
Znika
80%
cuda
60%
daje
60%
dla
60%
Duet
60%
dwa
60%
gry
60%
ich
60%
Jeśli
60%
jeśli
60%
jeszcze
60%
łatwo
60%
lepiej
60%
mam
60%
miłością
60%
moc
60%
moim
60%
myślisz
60%
nikt
60%
niż
60%
one
60%
Oto
60%
pasją
60%
pomyśl
60%
radzę
60%
raz
60%
razy
60%
Reguły
60%
sekret
60%
sercu
60%
siła
60%
taką
60%
wcale
60%
Wcale
60%
więcej
60%
więź
60%
władzę
60%
właśnie
60%
wygrasz
60%
wyznaczam
60%
zadzierać
60%
zdoła
60%
złamać
60%
a-a-a-a-a
40%
cierpliwością
40%
dasz
40%
dlatego
40%
drzemie
40%
działa
40%
już
40%
kim
40%
liczy
40%
miecz
40%
naprawdę
40%
nich
40%
Nikomu
40%
pojedynkę
40%
potrafi
40%
radę
40%
rozdzielić
40%
sama
40%
sobie
40%
tym
40%
uczucie
40%
uda
40%
wielką
40%
wiesz
40%
wygram
40%
zdradzę
40%
zdwojoną
40%
zdziałać
40%
Chociaż
20%
ja-a-a-a-a
20%
łapy
20%
mej
20%
Od
20%
planety
20%
precz
20%
tutaj
20%
zbliżaj
20%
Nie znaleziono quizów pasujących do podanych kryteriów
Rozkład punktacji
Procent ludzi z każdym wynikiem
Percentyl według liczby udzielonych odpowiedzi
Twoja historia wyników
Nie rozwiązałeś tego quizu